Návratnost jakosti

Výpočty - náklady krát úžitok rozhodujú o akomkoľvek ľudskom správaní - téza Američana G.S. Beckera, za ktorú dostal Nobelovu cenu. Štruktúrne zmeny v hospodárstve, súbor opatrení nazvaný TQM (Total Quality Management). Just in Time a Lean Management - blízke filozofii TQM. Podmienky potrebné pre úč...

Description complète

Enregistré dans:
Détails bibliographiques
Auteur principal: Kamiske, G.F
Format: Chapitre de livre
Langue:tchèque
Sujets:
Tags: Ajouter un tag
Pas de tags, Soyez le premier à ajouter un tag!

MARC

LEADER 00000naa a2200000 4500
001 r022979
005 20230525070309.6
041 0 |a cze 
044 |a CZ 
245 1 0 |a Návratnost jakosti  |c G.F. Kamiske 
520 |a Výpočty - náklady krát úžitok rozhodujú o akomkoľvek ľudskom správaní - téza Američana G.S. Beckera, za ktorú dostal Nobelovu cenu. Štruktúrne zmeny v hospodárstve, súbor opatrení nazvaný TQM (Total Quality Management). Just in Time a Lean Management - blízke filozofii TQM. Podmienky potrebné pre účelné využívanie TQM - zvláštny spôsob riadiacej práce, ovládanie know-how o stratégii a taktike, trpezlivosť, fantázia, využitie benchmarkingu. 
610 2 0 |a kvalita 
610 2 0 |a náklady 
610 2 0 |a výnosy 
610 2 0 |a zmeny štruktúrne 
610 2 0 |a riadenie kvality 
610 2 0 |a TQM 
610 2 0 |a práca riadiaca 
610 2 0 |a JIT 
610 2 0 |a know-how 
610 2 0 |a benchmarking 
100 1 |a Kamiske, G.F.